[Event "43. Olimpiada Batumi 2018 Femenina"]
[Site "Batumi GEO"]
[Date "2018.09.25"]
[Round "2.1"]
[White "Beekhy, Aamirah"]
[Black "Premanath, Dinushki"]
[Result "0-1"]
[WhiteElo "1397"]
[BlackElo "1813"]
[PlyCount "30"]
[EventDate "2018.09.24"]
[EventType "team-swiss"]
[EventRounds "11"]
[EventCountry "GEO"]
[SourceTitle "Ajedrez en Madrid"]
[Source "lmi"]
[SourceDate "2018.09.24"]
[WhiteTeam "Mauritius"]
[BlackTeam "Sri Lanka"]
[WhiteTeamCountry "MRI"]
[BlackTeamCountry "SRI"]

1. d4 Nf6 2. Nf3 d5 3. Bf4 c5 4. c3 Qb6 5. Qc2 Nc6 6. e3 cxd4 7. exd4 Bf5 8.
Qe2 a6 9. h3 e6 10. Nh4 Bd3 11. Qd2 Ne4 12. Qc1 Bxf1 13. Rxf1 Rc8 14. Nf3 Nb4
15. Ke2 Qb5+ 0-1

[Event "43. Olimpiada Batumi 2018 Femenina"]
[Site "Batumi GEO"]
[Date "2018.09.25"]
[Round "2.1"]
[White "Ortez, Andrea"]
[Black "Magne, Kouokam Sylviane"]
[Result "1/2-1/2"]
[WhiteElo "1772"]
[BlackElo "1308"]
[PlyCount "173"]
[EventDate "2018.09.24"]
[EventType "team-swiss"]
[EventRounds "11"]
[EventCountry "GEO"]
[SourceTitle "Ajedrez en Madrid"]
[Source "lmi"]
[SourceDate "2018.09.24"]
[WhiteTeam "El Salvador"]
[BlackTeam "Cameroon"]
[WhiteTeamCountry "ESA"]
[BlackTeamCountry "CAM"]

1. e4 d5 2. exd5 Qxd5 3. Nc3 Qd6 4. d4 g6 5. Be3 Bg7 6. Bc4 Nf6 7. h3 a6 8. a4
O-O 9. Nf3 Nc6 10. Qd2 Bf5 11. O-O Nb4 12. Bf4 Qd8 13. Bb3 a5 14. Rfe1 c6 15.
Bg5 Qd6 16. Nh4 e6 17. Rad1 Rad8 18. Nf3 Nbd5 19. Nxd5 exd5 20. Qxa5 h6 21. Bh4
Be4 22. Ne5 Ra8 23. Qb6 Nd7 24. Qxb7 Nxe5 25. dxe5 Bxe5 26. Be7 Qb8 27. Qxb8
Rfxb8 28. f3 Re8 29. fxe4 Rxe7 30. exd5 cxd5 31. Kh1 Kg7 32. Rxd5 f6 33. Bc4
Rxa4 34. Bb5 Rb4 35. b3 Rf4 36. c4 Rc7 37. Red1 h5 38. c5 Kh6 39. c6 Rb4 40.
Ba4 h4 41. Rd7 Rc8 42. R1d3 Re4 43. Rd1 Bg3 44. Rf7 Rce8 45. Rxf6 Bf4 46. Rf1
Kg5 47. Rf7 R8e7 48. Rxe7 Rxe7 49. Rd1 Kh6 50. Kg1 Be3+ 51. Kf1 Bb6 52. Rd7 Re5
53. Rb7 Rf5+ 54. Ke2 Rf2+ 55. Kd3 Bd8 56. c7 Bxc7 57. Rxc7 Rxg2 58. Rc3 g5 59.
Bd7 Rf2 60. b4 Kg6 61. b5 Rb2 62. Rc6+ Kf7 63. b6 Rb1 64. Bg4 Ke7 65. Rg6 Rb5
66. b7 Kf7 67. Kc4 Rxb7 68. Rxg5 Kf6 69. Rh5 Rg7 70. Rxh4 Kg5 71. Rh5+ Kf6 72.
Kd4 Rg5 73. Rh7 Rg7 74. Rxg7 Kxg7 75. Ke5 Kh8 76. Kf6 Kh7 77. Kg5 Kg7 78. h4
Kh7 79. Bf5+ Kg7 80. h5 Kh8 81. h6 Kg8 82. Be6+ Kh8 83. Bd5 Kh7 84. Be4+ Kh8
85. Kg6 Kg8 86. h7+ Kh8 87. Kh6 1/2-1/2

[Event "43. Olimpiada Batumi 2018 Femenina"]
[Site "Batumi GEO"]
[Date "2018.09.25"]
[Round "2.3"]
[White "Al-Fayyadh, Yamama Asif Abdula"]
[Black "Ebrahim, Zahabiyah"]
[Result "1-0"]
[WhiteElo "1604"]
[BlackElo "1217"]
[PlyCount "89"]
[EventDate "2018.09.24"]
[EventType "team-swiss"]
[EventRounds "11"]
[EventCountry "GEO"]
[SourceTitle "Ajedrez en Madrid"]
[Source "lmi"]
[SourceDate "2018.09.24"]
[WhiteTeam "Iraq"]
[BlackTeam "Tanzania"]
[WhiteTeamCountry "IRQ"]
[BlackTeamCountry "TAN"]

1. e4 e5 2. Nf3 Nc6 3. Bb5 Nf6 4. d3 d5 5. Nxe5 Bd7 6. Nxd7 Qxd7 7. exd5 Nxd5
8. O-O Bc5 9. d4 Bxd4 10. Re1+ Nde7 11. Bxc6 bxc6 12. Qe2 Bf6 13. Rd1 Qf5 14.
c3 O-O 15. Be3 Rfe8 16. Qc4 Nd5 17. Bd4 Re4 18. Qxc6 Rae8 19. Nd2 Re2 20. Nf3
Bxd4 21. Rxd4 Qc2 22. Rd2 Qe4 23. Rxe2 Qxe2 24. Qxd5 Qxb2 25. Re1 Qb8 26. Ne5
Re7 27. Rd1 h5 28. Nc6 Qe8 29. Nxe7+ Qxe7 30. Qd8+ Qxd8 31. Rxd8+ Kh7 32. Rd7
Kh6 33. Rxf7 c5 34. Rxa7 c4 35. Rb7 g5 36. a4 g4 37. a5 Kg5 38. a6 h4 39. a7 g3
40. hxg3 hxg3 41. a8=Q Kg4 42. Rf7 gxf2+ 43. Kxf2 Kg5 44. Qg8+ Kh4 45. Rh7# 1-0

[Event "43. Olimpiada Batumi 2018 Femenina"]
[Site "Batumi GEO"]
[Date "2018.09.26"]
[Round "3.1"]
[White "Rapport, Jovana"]
[Black "Koneru, Humpy"]
[Result "0-1"]
[WhiteElo "2348"]
[BlackElo "2557"]
[PlyCount "54"]
[EventDate "2018.09.24"]
[EventType "team-swiss"]
[EventRounds "11"]
[EventCountry "GEO"]
[SourceTitle "Ajedrez en Madrid"]
[Source "lmi"]
[SourceDate "2018.09.24"]
[WhiteTeam "Serbia"]
[BlackTeam "India"]
[WhiteTeamCountry "SRB"]
[BlackTeamCountry "IND"]

1. d4 Nf6 2. Nc3 d5 3. Bf4 a6 4. e3 e6 5. Nf3 c5 6. dxc5 Bxc5 7. Bd3 Nc6 8. O-O
Bd6 9. Re1 Bb8 10. Bg5 h6 11. Bh4 g5 12. Bg3 Bxg3 13. hxg3 Kf8 14. Nd4 e5 15.
Nxc6 bxc6 16. e4 d4 17. Na4 h5 18. Qd2 h4 19. Qb4+ Kg7 20. Qc5 Nd7 21. Qxc6 Rb8
22. a3 hxg3 23. fxg3 Nf6 24. Be2 Bb7 25. Qc4 Nxe4 26. Bf3 Bd5 27. Qe2 Rh1+ 0-1

[Event "43. Olimpiada Batumi 2018 Femenina"]
[Site "Batumi GEO"]
[Date "2018.09.26"]
[Round "3.2"]
[White "Harika, Dronavalli"]
[Black "Eric, Jovana"]
[Result "1-0"]
[WhiteElo "2500"]
[BlackElo "2261"]
[PlyCount "81"]
[EventDate "2018.09.24"]
[EventType "team-swiss"]
[EventRounds "11"]
[EventCountry "GEO"]
[SourceTitle "Ajedrez en Madrid"]
[Source "lmi"]
[SourceDate "2018.09.24"]
[WhiteTeam "India"]
[BlackTeam "Serbia"]
[WhiteTeamCountry "IND"]
[BlackTeamCountry "SRB"]

1. c4 d6 2. Nc3 e5 3. g3 g6 4. Bg2 Bg7 5. d3 Ne7 6. e4 Nbc6 7. Nge2 O-O 8. O-O
f5 9. Nd5 Nxd5 10. cxd5 Nd4 11. Nxd4 exd4 12. Bd2 fxe4 13. Bxe4 Bh3 14. Re1 Qd7
15. Rc1 Rf7 16. f4 Raf8 17. Rc2 Bg4 18. Bf3 Bf5 19. Bc1 Qb5 20. Rd2 Bh3 21. b3
g5 22. a4 Qd7 23. Rf2 gxf4 24. Bxf4 Rf6 25. Rfe2 Qc8 26. Re7 Bd7 27. Qe2 R6f7
28. Bh5 Rxe7 29. Qxe7 Qd8 30. Bf7+ Kh8 31. Qxd8 Rxd8 32. Bg5 Rc8 33. Re7 Bf5
34. Be6 Bxe6 35. dxe6 Kg8 36. Rd7 Re8 37. e7 h6 38. Bh4 c5 39. Rxd6 Kf7 40. Rd7
b6 41. Rxa7 1-0

[Event "43. Olimpiada Batumi 2018 Femenina"]
[Site "Batumi GEO"]
[Date "2018.09.26"]
[Round "3.3"]
[White "Velikic, Adela"]
[Black "Karavade, Eesha"]
[Result "1-0"]
[WhiteElo "2339"]
[BlackElo "2374"]
[PlyCount "77"]
[EventDate "2018.09.24"]
[EventType "team-swiss"]
[EventRounds "11"]
[EventCountry "GEO"]
[SourceTitle "Ajedrez en Madrid"]
[Source "lmi"]
[SourceDate "2018.09.24"]
[WhiteTeam "Serbia"]
[BlackTeam "India"]
[WhiteTeamCountry "SRB"]
[BlackTeamCountry "IND"]

1. d4 Nf6 2. Bg5 d5 3. e3 e6 4. c4 h6 5. Bxf6 Qxf6 6. Nc3 Bb4 7. Qb3 c5 8. cxd5
exd5 9. Bb5+ Nc6 10. dxc5 Bxc3+ 11. Qxc3 Qxc3+ 12. bxc3 Bd7 13. Bxc6 Bxc6 14.
Nf3 Bb5 15. a4 Ba6 16. O-O-O Bc4 17. Ne5 Rc8 18. Nxc4 dxc4 19. Rd5 Ke7 20. Rhd1
Rc7 21. R1d4 Rhc8 22. Re4+ Kf8 23. Rxc4 b6 24. Kd2 bxc5 25. Kd3 g6 26. Rf4 c4+
27. Kd4 h5 28. h3 Kg7 29. g3 Kf8 30. e4 Ke7 31. e5 Rc6 32. Rf6 Rxf6 33. exf6+
Kxf6 34. Rd7 Re8 35. Rxa7 Re2 36. Kxc4 Rxf2 37. a5 Rg2 38. a6 Rxg3 39. Rxf7+
1-0

[Event "43. Olimpiada Batumi 2018 Femenina"]
[Site "Batumi GEO"]
[Date "2018.09.26"]
[Round "3.4"]
[White "Padmini, Rout"]
[Black "Injac, Teodora"]
[Result "0-1"]
[WhiteElo "2338"]
[BlackElo "2241"]
[PlyCount "86"]
[EventDate "2018.09.24"]
[EventType "team-swiss"]
[EventRounds "11"]
[EventCountry "GEO"]
[SourceTitle "Ajedrez en Madrid"]
[Source "lmi"]
[SourceDate "2018.09.24"]
[WhiteTeam "India"]
[BlackTeam "Serbia"]
[WhiteTeamCountry "IND"]
[BlackTeamCountry "SRB"]

1. e4 e6 2. d4 d5 3. Nc3 Nf6 4. e5 Nfd7 5. f4 c5 6. Nf3 Nc6 7. Be3 Be7 8. Qd2
O-O 9. dxc5 Bxc5 10. O-O-O Qa5 11. a3 Rd8 12. Bxc5 Nxc5 13. Bd3 Rb8 14. Qe2 h6
15. g4 b5 16. Bxb5 d4 17. Bxc6 dxc3 18. Rxd8+ Qxd8 19. b4 Qb6 20. Bb5 Bb7 21.
Rf1 a5 22. bxc5 Qxc5 23. Qc4 Qe3+ 24. Kb1 Bd5 25. Qa4 Bxf3 26. Ka1 Qc5 27. Rxf3
Rxb5 28. Rf1 Rb2 29. Rd1 Kh7 30. h4 Qe3 31. h5 Qe2 32. Rc1 Qxg4 33. Qd4 Qf3 34.
f5 Qxf5 35. Qxc3 Rb5 36. Re1 Rd5 37. Qe3 Qxc2 38. Qe4+ Qxe4 39. Rxe4 g6 40.
hxg6+ fxg6 41. Kb2 g5 42. a4 Kg6 43. Re1 g4 0-1

[Event "43. Olimpiada Batumi 2018 Femenina"]
[Site "Batumi GEO"]
[Date "2018.09.26"]
[Round "3.1"]
[White "Houska, Jovanka"]
[Black "Mammadzada, Gunay"]
[Result "1-0"]
[WhiteElo "2402"]
[BlackElo "2438"]
[PlyCount "97"]
[EventDate "2018.09.24"]
[EventType "team-swiss"]
[EventRounds "11"]
[EventCountry "GEO"]
[SourceTitle "Ajedrez en Madrid"]
[Source "lmi"]
[SourceDate "2018.09.24"]
[WhiteTeam "England"]
[BlackTeam "Azerbaijan"]
[WhiteTeamCountry "ENG"]
[BlackTeamCountry "AZE"]

1. d4 d5 2. Bf4 Nf6 3. e3 c5 4. c3 Nc6 5. Nd2 Bg4 6. Ngf3 e6 7. Qb3 Qc8 8. h3
Bh5 9. Nh4 Be7 10. g4 Bg6 11. Nxg6 hxg6 12. Be2 Qd7 13. O-O-O c4 14. Qc2 b5 15.
h4 b4 16. Kb1 Qb7 17. h5 bxc3 18. g5 Nxh5 19. Qxc3 Bb4 20. Qc2 O-O-O 21. Bh2
Bd6 22. Bf3 Kb8 23. Qa4 Bxh2 24. Rxh2 Rc8 25. Rc1 Rc7 26. Rc3 Ka8 27. Nxc4 Rb8
28. Rb3 Nb4 29. Ne5 f6 30. Rxb4 Qxb4 31. Qxb4 Rxb4 32. Nxg6 Rbc4 33. Rh1 Rc2
34. Bxh5 Rxf2 35. Bd1 Rf7 36. Nf4 fxg5 37. Nxe6 Re7 38. Bb3 Rf5 39. e4 dxe4 40.
d5 Kb7 41. Kc2 Kb6 42. Re1 Rf2+ 43. Kc3 Ref7 44. Nxg5 R7f5 45. Nxe4 R5f3+ 46.
Kd4 Rxb2 47. Rg1 a5 48. Rg6+ Kb5 49. Nc3+ 1-0

[Event "43. Olimpiada Batumi 2018 Femenina"]
[Site "Batumi GEO"]
[Date "2018.09.26"]
[Round "3.2"]
[White "Mamedjarova, Zeinab"]
[Black "Kalaiyalahan, Akshaya"]
[Result "1-0"]
[WhiteElo "2358"]
[BlackElo "2253"]
[PlyCount "117"]
[EventDate "2018.09.24"]
[EventType "team-swiss"]
[EventRounds "11"]
[EventCountry "GEO"]
[SourceTitle "Ajedrez en Madrid"]
[Source "lmi"]
[SourceDate "2018.09.24"]
[WhiteTeam "Azerbaijan"]
[BlackTeam "England"]
[WhiteTeamCountry "AZE"]
[BlackTeamCountry "ENG"]

1. d4 Nf6 2. Bg5 d5 3. e3 c5 4. c3 Ne4 5. Bf4 Qb6 6. Qc1 Nc6 7. Nd2 Nxd2 8.
Qxd2 cxd4 9. exd4 Bf5 10. Nf3 h6 11. Bd3 Bxd3 12. Qxd3 e6 13. O-O Be7 14. Rfe1
O-O 15. Re2 Qd8 16. Rae1 Bd6 17. Bd2 Rb8 18. b3 b5 19. h4 Be7 20. g3 Bf6 21.
Kg2 b4 22. cxb4 Nxb4 23. Qb1 Qb6 24. Be3 Qb5 25. Rd2 Rfc8 26. g4 Bd8 27. g5 h5
28. Ne5 Nc6 29. Nd7 Rb7 30. Nc5 Re7 31. g6 Ba5 32. gxf7+ Kxf7 33. b4 Qxb4 34.
Qh7 Qb6 35. Rb1 Qxb1 36. Qxb1 Bxd2 37. Bxd2 Nxd4 38. Nd3 e5 39. Nxe5+ Kg8 40.
Qd3 Rxe5 41. Qxd4 Rce8 42. Bc3 R5e7 43. Qxd5+ Rf7 44. Qxh5 Ref8 45. Bd4 Rc8 46.
Qd5 Rcc7 47. h5 Rcd7 48. Qa8+ Kh7 49. Qe4+ Kg8 50. f4 Rde7 51. Be5 Re6 52. Kf3
Rfe7 53. Qd5 Kh7 54. a4 Re8 55. Bd4 R6e7 56. Qf5+ Kg8 57. h6 gxh6 58. Qg6+ Kf8
59. Bc5 1-0

[Event "43. Olimpiada Batumi 2018 Femenina"]
[Site "Batumi GEO"]
[Date "2018.09.26"]
[Round "3.3"]
[White "Ciuksyte, Dagne"]
[Black "Balajayeva, Khanim"]
[Result "0-1"]
[WhiteElo "2308"]
[BlackElo "2326"]
[PlyCount "132"]
[EventDate "2018.09.24"]
[EventType "team-swiss"]
[EventRounds "11"]
[EventCountry "GEO"]
[SourceTitle "Ajedrez en Madrid"]
[Source "lmi"]
[SourceDate "2018.09.24"]
[WhiteTeam "England"]
[BlackTeam "Azerbaijan"]
[WhiteTeamCountry "ENG"]
[BlackTeamCountry "AZE"]

1. e4 e5 2. Nf3 Nc6 3. Bb5 a6 4. Ba4 Nf6 5. O-O Be7 6. Re1 b5 7. Bb3 d6 8. c3
O-O 9. h3 Bb7 10. d4 Re8 11. Ng5 Rf8 12. Nf3 Re8 13. Nbd2 Bf8 14. a3 h6 15. Ba2
Nb8 16. d5 c6 17. dxc6 Bxc6 18. b4 Nbd7 19. Bb2 Nb6 20. Rc1 Rc8 21. c4 bxc4 22.
Nxc4 Bxe4 23. Nfxe5 Bd5 24. Nxb6 Rxc1 25. Qxc1 Bxa2 26. Nec4 Rxe1+ 27. Qxe1 d5
28. Qd2 Ne4 29. Qd4 Qh4 30. Nd2 Qf4 31. Nf3 Qf5 32. Ne1 Ng5 33. Nd3 Ne6 34. Qe3
Be7 35. Be5 Bg5 36. f4 Bd8 37. Na4 f6 38. Bd6 d4 39. Qd2 Bd5 40. Nac5 Nxc5 41.
Nxc5 Qb1+ 42. Kh2 Qf1 43. f5 Bb6 44. Nd7 d3 45. Nxb6 Bxg2 46. Nc4 Bd5 47. Nb2
Qh1+ 48. Kg3 Qg1+ 49. Kh4 Be4 50. Qf4 Qe1+ 51. Kh5 Qe2+ 52. Kh4 d2 53. Qg4 Bf3
54. Qd4 Qe1+ 55. Bg3 Qe8 56. Bf4 Qh5+ 57. Kg3 d1=Q 58. Nxd1 Bxd1 59. Qd5+ Kh7
60. a4 Bxa4 61. Be3 Bc2 62. Qc4 Bxf5 63. Qxa6 Qxh3+ 64. Kf2 Be4 65. Qa7 Qf3+
66. Ke1 Bd3 0-1

[Event "43. Olimpiada Batumi 2018 Femenina"]
[Site "Batumi GEO"]
[Date "2018.09.26"]
[Round "3.4"]
[White "Mammadova, Gulnar"]
[Black "Head, Louise"]
[Result "1-0"]
[WhiteElo "2355"]
[BlackElo "2161"]
[PlyCount "77"]
[EventDate "2018.09.24"]
[EventType "team-swiss"]
[EventRounds "11"]
[EventCountry "GEO"]
[SourceTitle "Ajedrez en Madrid"]
[Source "lmi"]
[SourceDate "2018.09.24"]
[WhiteTeam "Azerbaijan"]
[BlackTeam "England"]
[WhiteTeamCountry "AZE"]
[BlackTeamCountry "ENG"]

1. e4 c6 2. d4 d5 3. e5 c5 4. dxc5 e6 5. Nf3 Bxc5 6. Bd3 Nc6 7. O-O Nge7 8. Bf4
Qc7 9. Nbd2 Ng6 10. Bxg6 hxg6 11. c4 Nb4 12. Qb3 a5 13. a4 b6 14. cxd5 Nxd5 15.
Bg3 O-O 16. Ne4 Bb4 17. Nfg5 Ba6 18. Rfc1 Qe7 19. Qd1 f5 20. exf6 gxf6 21. Nf3
Rac8 22. Nh4 Kf7 23. Qf3 Rh8 24. Ng5+ Kg7 25. Qe4 Nf4 26. Qxf4 fxg5 27. Qe5+
Kh6 28. Nf3 Rhf8 29. h4 g4 30. Nh2 Rc4 31. Rxc4 Bxc4 32. Nxg4+ Kh7 33. Rc1 Rf5
34. Qd4 Bd5 35. Rc7 Bc5 36. Rxe7+ Bxe7 37. Ne3 Bc5 38. Nxf5 Bxd4 39. Nxd4 1-0

[Event "43. Olimpiada Batumi 2018 Femenina"]
[Site "Batumi GEO"]
[Date "2018.09.26"]
[Round "3.1"]
[White "Cornette, Deimante"]
[Black "Vo, Thi Kim Phung"]
[Result "1/2-1/2"]
[WhiteElo "2462"]
[BlackElo "2368"]
[PlyCount "83"]
[EventDate "2018.09.24"]
[EventType "team-swiss"]
[EventRounds "11"]
[EventCountry "GEO"]
[SourceTitle "Ajedrez en Madrid"]
[Source "lmi"]
[SourceDate "2018.09.24"]
[WhiteTeam "Lithuania"]
[BlackTeam "Vietnam"]
[WhiteTeamCountry "LTU"]
[BlackTeamCountry "VIE"]

1. e4 d6 2. d4 Nf6 3. Nc3 g6 4. f4 c6 5. Nf3 Bg7 6. Bd3 O-O 7. O-O b5 8. e5 Ne8
9. Be3 Nc7 10. Qe1 b4 11. Ne4 Nd5 12. Bd2 Bf5 13. a3 bxa3 14. Rxa3 f6 15. c4
Nc7 16. Ba5 Qd7 17. exd6 exd6 18. Qb4 Bxe4 19. Bxe4 f5 20. Bc2 Ne6 21. Qd2 c5
22. Ba4 Qc8 23. d5 Nd4 24. Re1 Nd7 25. Re7 Nxf3+ 26. Rxf3 Bd4+ 27. Kh1 Nf6 28.
Rc7 Qd8 29. Rg7+ Kxg7 30. Bxd8 Raxd8 31. Qa5 Rc8 32. Qxa7+ Rf7 33. Qa6 Rd8 34.
Qb6 Ra8 35. b3 Ne4 36. h3 Raa7 37. Kh2 Rfb7 38. Qd8 Bf6 39. Qc8 Rc7 40. Qe8 Re7
41. Qc8 Rec7 42. Qe8 1/2-1/2

[Event "43. Olimpiada Batumi 2018 Femenina"]
[Site "Batumi GEO"]
[Date "2018.09.26"]
[Round "3.2"]
[White "Pham, Le Thao Nguyen"]
[Black "Zaksaite, Salomeja"]
[Result "1-0"]
[WhiteElo "2347"]
[BlackElo "2278"]
[PlyCount "73"]
[EventDate "2018.09.24"]
[EventType "team-swiss"]
[EventRounds "11"]
[EventCountry "GEO"]
[SourceTitle "Ajedrez en Madrid"]
[Source "lmi"]
[SourceDate "2018.09.24"]
[WhiteTeam "Vietnam"]
[BlackTeam "Lithuania"]
[WhiteTeamCountry "VIE"]
[BlackTeamCountry "LTU"]

1. d4 Nf6 2. Nf3 g6 3. g3 d5 4. Bg2 Bg7 5. O-O O-O 6. c4 dxc4 7. Na3 Nc6 8.
Nxc4 Be6 9. b3 Bd5 10. e3 a5 11. a4 Qc8 12. Ba3 h6 13. Nfe5 Bxg2 14. Kxg2 Qe6
15. Nxc6 Qxc6+ 16. Qf3 Qxf3+ 17. Kxf3 Nd5 18. e4 Nb4 19. Bxb4 axb4 20. Rad1 f5
21. e5 Rfd8 22. d5 Kf7 23. Rd3 e6 24. d6 cxd6 25. exd6 e5 26. Rd5 e4+ 27. Ke3
Bc3 28. Rfd1 Ra6 29. Rb5 Rd7 30. Nb6 Rd8 31. d7 Bf6 32. Nc4 Ke7 33. Rxb7 Rc6
34. a5 Bc3 35. Nb6 Rc5 36. a6 Ra5 37. a7 1-0

[Event "43. Olimpiada Batumi 2018 Femenina"]
[Site "Batumi GEO"]
[Date "2018.09.26"]
[Round "3.3"]
[White "Batyte, Daiva"]
[Black "Hoang, Thi Bao Tram"]
[Result "0-1"]
[WhiteElo "2172"]
[BlackElo "2323"]
[PlyCount "118"]
[EventDate "2018.09.24"]
[EventType "team-swiss"]
[EventRounds "11"]
[EventCountry "GEO"]
[SourceTitle "Ajedrez en Madrid"]
[Source "lmi"]
[SourceDate "2018.09.24"]
[WhiteTeam "Lithuania"]
[BlackTeam "Vietnam"]
[WhiteTeamCountry "LTU"]
[BlackTeamCountry "VIE"]

1. Nf3 d5 2. g3 c6 3. Bg2 Bg4 4. d4 Nd7 5. Nbd2 e6 6. h3 Bh5 7. c3 f5 8. Qb3
Rb8 9. c4 Bd6 10. Qe3 Qe7 11. Ng5 Nf8 12. cxd5 exd5 13. Qxe7+ Kxe7 14. O-O Nf6
15. a3 N8d7 16. Ngf3 Bxf3 17. Nxf3 Ne4 18. Bf4 Rhg8 19. Bxd6+ Nxd6 20. Rfc1 a5
21. b3 a4 22. b4 Nc4 23. b5 Kd6 24. Rcb1 Ra8 25. e3 Na5 26. Nd2 c5 27. dxc5+
Nxc5 28. Rd1 Rgd8 29. Rac1 b6 30. Nc4+ Nxc4 31. Rxc4 Ke5 32. Rcd4 Ne4 33. Bxe4
fxe4 34. Kg2 Ra5 35. Rc1 Rxb5 36. Rxa4 Rb2 37. Rb4 Ra2 38. a4 Rf8 39. Rf1 Rf6
40. g4 g5 41. Kg3 Rf3+ 42. Kg2 Rxe3 43. Rxb6 Ree2 44. Kg3 Ra3+ 45. f3 Ree3 46.
Rb7 Rxf3+ 47. Rxf3 Rxf3+ 48. Kg2 h6 49. Re7+ Kd6 50. Rh7 Rf6 51. a5 e3 52. Rb7
Kc5 53. Rc7+ Kd4 54. Rb7 e2 55. Rb1 Kc3 56. a6 Rxa6 57. Kf2 Re6 58. Ke1 d4 59.
Rc1+ Kd3 0-1

[Event "43. Olimpiada Batumi 2018 Femenina"]
[Site "Batumi GEO"]
[Date "2018.09.26"]
[Round "3.4"]
[White "Bach, Ngoc Thuy Duong"]
[Black "Sibajeva, Marija"]
[Result "1-0"]
[WhiteElo "2161"]
[BlackElo "1980"]
[PlyCount "97"]
[EventDate "2018.09.24"]
[EventType "team-swiss"]
[EventRounds "11"]
[EventCountry "GEO"]
[SourceTitle "Ajedrez en Madrid"]
[Source "lmi"]
[SourceDate "2018.09.24"]
[WhiteTeam "Vietnam"]
[BlackTeam "Lithuania"]
[WhiteTeamCountry "VIE"]
[BlackTeamCountry "LTU"]

1. d4 Nf6 2. c4 g6 3. Nc3 d5 4. Bg5 Ne4 5. Bh4 Nxc3 6. bxc3 Bg7 7. e3 c5 8.
cxd5 Qxd5 9. Nf3 cxd4 10. cxd4 Nc6 11. Be2 O-O 12. O-O b6 13. Rc1 Bb7 14. Bc4
Qd7 15. Bg3 e6 16. Qe2 Rac8 17. Rfd1 Na5 18. Bd3 Rxc1 19. Rxc1 Rc8 20. Rc2 Rxc2
21. Qxc2 Qc8 22. Qxc8+ Bxc8 23. Be5 Bxe5 24. Nxe5 f6 25. Nf3 Bb7 26. Nd2 Kf7
27. f3 Ke7 28. Kf2 Kd6 29. e4 Bc6 30. Ke3 Be8 31. g3 b5 32. e5+ fxe5 33. Ne4+
Ke7 34. dxe5 h6 35. Nd6 Bd7 36. Bxg6 a6 37. f4 Nc6 38. Be4 Nd8 39. Kd4 Nc6+ 40.
Kc5 Na5 41. Kb6 Nc4+ 42. Nxc4 bxc4 43. Kxa6 c3 44. Ka5 Bc6 45. Bc2 Bd5 46. a4
Kd7 47. Kb4 Kc6 48. Kxc3 Kc5 49. Bb3 1-0

[Event "43. Olimpiada Batumi 2018 Femenina"]
[Site "Batumi GEO"]
[Date "2018.09.26"]
[Round "3.1"]
[White "Bulmaga, Irina"]
[Black "Muzychuk, Anna"]
[Result "1/2-1/2"]
[WhiteElo "2394"]
[BlackElo "2555"]
[PlyCount "77"]
[EventDate "2018.09.24"]
[EventType "team-swiss"]
[EventRounds "11"]
[EventCountry "GEO"]
[SourceTitle "Ajedrez en Madrid"]
[Source "lmi"]
[SourceDate "2018.09.24"]
[WhiteTeam "Romania"]
[BlackTeam "Ukraine"]
[WhiteTeamCountry "ROU"]
[BlackTeamCountry "UKR"]

1. e4 e5 2. Nf3 Nc6 3. Bc4 Bc5 4. c3 Nf6 5. d4 exd4 6. e5 d5 7. Bb5 Ne4 8. cxd4
Bb6 9. Nc3 Bg4 10. Be3 O-O 11. h3 Bh5 12. Qc2 Ba5 13. Bxc6 bxc6 14. Nd2 Bxc3
15. bxc3 Bg6 16. Qc1 c5 17. O-O c4 18. Kh2 Rb8 19. Nb1 f6 20. f3 Ng5 21. exf6
gxf6 22. Bf4 Re8 23. Re1 Qd7 24. Bxg5 fxg5 25. Nd2 Qd6+ 26. Kh1 Qf4 27. Nf1
Qxc1 28. Raxc1 Rxe1 29. Rxe1 Rb2 30. Ne3 c6 31. Ng4 Rxa2 32. Re6 Ra6 33. Ne5
Kf8 34. Kh2 Be8 35. Kg3 Rb6 36. Rf6+ Kg7 37. Re6 Kf8 38. Rf6+ Kg7 39. Re6
1/2-1/2

[Event "43. Olimpiada Batumi 2018 Femenina"]
[Site "Batumi GEO"]
[Date "2018.09.26"]
[Round "3.2"]
[White "Muzychuk, Mariya"]
[Black "Peptan, Corina-Isabela"]
[Result "1-0"]
[WhiteElo "2533"]
[BlackElo "2374"]
[PlyCount "131"]
[EventDate "2018.09.24"]
[EventType "team-swiss"]
[EventRounds "11"]
[EventCountry "GEO"]
[SourceTitle "Ajedrez en Madrid"]
[Source "lmi"]
[SourceDate "2018.09.24"]
[WhiteTeam "Ukraine"]
[BlackTeam "Romania"]
[WhiteTeamCountry "UKR"]
[BlackTeamCountry "ROU"]

1. e4 c5 2. Nf3 e6 3. c4 Nc6 4. d4 cxd4 5. Nxd4 Nf6 6. Nc3 Bb4 7. Nxc6 dxc6 8.
Qxd8+ Kxd8 9. e5 Nd7 10. Bf4 Bxc3+ 11. bxc3 b6 12. h4 Kc7 13. h5 Ba6 14. h6
Rag8 15. hxg7 Rxg7 16. g3 Nc5 17. Rh4 Rd8 18. Bh6 Rgg8 19. Be3 Nd3+ 20. Bxd3
Rxd3 21. Rxh7 Rd7 22. c5 Bd3 23. Rh4 Bf5 24. Ra4 Kb7 25. Rb4 b5 26. Rd4 Rxd4
27. Bxd4 a5 28. O-O-O Be4 29. Be3 Bd5 30. a3 Rg4 31. Bf4 Rg8 32. Rd4 Rh8 33.
Be3 Rh5 34. g4 Rh3 35. g5 Rh1+ 36. Kb2 Rh7 37. Rf4 a4 38. Kc2 Kc7 39. Kd3 Kd7
40. Rf6 Ba2 41. Rh6 Bb1+ 42. Kd4 Ke8 43. c4 bxc4 44. Kxc4 Rxh6 45. gxh6 Kf8 46.
Kb4 Bc2 47. Ka5 Kg8 48. Kb6 Be4 49. Kc7 Bf3 50. Kd6 Be4 51. Ke7 Bc2 52. f3 Bd1
53. h7+ Kxh7 54. Kxf7 Bxf3 55. Kxe6 Kg7 56. Kd7 Bg4+ 57. Kxc6 Kf7 58. Kd6 Bf5
59. Bg5 Ke8 60. c6 Be4 61. Kc7 Bf3 62. Kb6 Bd5 63. Bf6 Bf3 64. e6 Bd5 65. e7
Be4 66. c7 1-0

[Event "43. Olimpiada Batumi 2018 Femenina"]
[Site "Batumi GEO"]
[Date "2018.09.26"]
[Round "3.3"]
[White "Cosma, Elena-Luminita"]
[Black "Zhukova, Natalia"]
[Result "1/2-1/2"]
[WhiteElo "2328"]
[BlackElo "2403"]
[PlyCount "146"]
[EventDate "2018.09.24"]
[EventType "team-swiss"]
[EventRounds "11"]
[EventCountry "GEO"]
[SourceTitle "Ajedrez en Madrid"]
[Source "lmi"]
[SourceDate "2018.09.24"]
[WhiteTeam "Romania"]
[BlackTeam "Ukraine"]
[WhiteTeamCountry "ROU"]
[BlackTeamCountry "UKR"]

1. d4 Nf6 2. Nf3 e6 3. g3 c5 4. Bg2 cxd4 5. O-O d5 6. Nxd4 e5 7. Nb3 Be6 8. c4
Nc6 9. cxd5 Nxd5 10. N1d2 Qc7 11. Ne4 Rd8 12. Bd2 Be7 13. Qc2 O-O 14. Rfc1 Qb6
15. Ng5 Bxg5 16. Bxg5 f6 17. Bd2 Ndb4 18. Bxb4 Nxb4 19. Qc5 Nxa2 20. Qxb6 axb6
21. Rxa2 Bxb3 22. Ra7 Rf7 23. Rxb7 Rxb7 24. Bxb7 Rd2 25. Rc8+ Kf7 26. Rc7+ Kg6
27. Be4+ Kh6 28. Rb7 Rxb2 29. Rxb6 Rxe2 30. Rxb3 Rxe4 31. h4 g5 32. hxg5+ Kxg5
33. Rb7 h5 34. Rg7+ Kh6 35. Rg8 Kh7 36. Ra8 h4 37. f3 Rb4 38. gxh4 Rxh4 39. Kg2
Kg6 40. Kg3 Rb4 41. Ra7 Kf5 42. Re7 Rb8 43. Ra7 Rd8 44. Ra6 Rd5 45. Rc6 Rd8 46.
Ra6 Re8 47. Rb6 Re6 48. Rb7 Kg6 49. Ra7 f5 50. Rc7 Kf6 51. Ra7 Rc6 52. Ra8 Rc3
53. Rf8+ Kg6 54. Kf2 Kg5 55. Ra8 Kf4 56. Ra4+ e4 57. fxe4 fxe4 58. Ra2 Rh3 59.
Kg2 Rf3 60. Rf2 Ke3 61. Ra2 Rf8 62. Ra3+ Kd2 63. Ra2+ Kc3 64. Ra3+ Kc4 65. Ra4+
Kd5 66. Ra5+ Kd4 67. Ra4+ Ke5 68. Ra5+ Kf4 69. Kf2 Rh8 70. Ra3 Rh2+ 71. Ke1 Rb2
72. Rc3 e3 73. Rc8 Rb1+ 1/2-1/2